| 000 | 00368nam a2200145Ia 4500 | ||
|---|---|---|---|
| 008 | 220217s9999||||xx |||||||||||||| ||und|| | ||
| 020 | _a3-540-78087-4 | ||
| 082 | _a621.381 HUM | ||
| 100 | _aHummel, Rolf, E | ||
| 245 | 0 | _aElectronic properties of materials | |
| 250 | _a3rd | ||
| 260 |
_aSpringer _bNew York _c2000 |
||
| 300 | _b266 | ||
| 650 | _aELECTRONICS | ||
| 999 |
_c172343 _d172343 |
||